Commodity control in the Pacific area : (Record no. 45089)
[ view plain ]
| 000 -LEADER | |
|---|---|
| fixed length control field | 01094nam a2200253 a 4500 |
| 001 - CONTROL NUMBER | |
| control field | 45089 |
| 003 - CONTROL NUMBER IDENTIFIER | |
| rucl marc code | BD-RjUL |
| 005 - DATE AND TIME OF LATEST TRANSACTION | |
| control field | 20211209053948.0 |
| 008 - FIXED-LENGTH DATA ELEMENTS--GENERAL INFORMATION | |
| fixed length control field | 160723s1935 enk 000 0 eng d |
| 035 ## - SYSTEM CONTROL NUMBER | |
| System control number | (BD-RjUL)45207 |
| 040 ## - CATALOGING SOURCE | |
| Original cataloging agency | BD-RjUL |
| Language of cataloging | eng |
| Transcribing agency | BD-RjUL |
| 041 ## - LANGUAGE CODE | |
| Language code of text/sound track or separate title | eng |
| 082 ## - DEWEY DECIMAL CLASSIFICATION NUMBER | |
| Edition number | 23 |
| Classification number | 382.099 |
| Author mark and year | COM 1935 |
| 245 00 - TITLE STATEMENT | |
| Title | Commodity control in the Pacific area : |
| Remainder of title | a symposium on recent experience / |
| Statement of responsibility, etc. | edited by W.L. Holland ; contributors Joseph S. Davis ... et al. |
| 260 ## - PUBLICATION, DISTRIBUTION, ETC. (IMPRINT) | |
| Place of publication, distribution, etc. | London : |
| Name of publisher, distributor, etc. | George Allen & Unwin, |
| Date of publication, distribution, etc. | 1935 |
| 300 ## - PHYSICAL DESCRIPTION | |
| Pagination | 452 p. : |
| Illustrations | ill. ; |
| Size | 24 cm |
| 500 ## - GENERAL NOTE | |
| General note | Contains, in revised and enlarged form, documents prepared for the Banff conference of the Institute of Pacific Relations held in August 1933, together with seven entirely new essays. Pref. |
| 650 ## - SUBJECT ADDED ENTRY--TOPICAL TERM | |
| Topical term or geographic name as entry element | Economic policy. |
| Form subdivision | Industrial organization. |
| 9 (RLIN) | 138122 |
| Topical term or geographic name as entry element | Pacific Ocean |
| Form subdivision | Commerce. |
| 9 (RLIN) | 138123 |
| 700 1# - ADDED ENTRY--PERSONAL NAME | |
| Personal name | Holland, W. L. |
| Fuller form of name | (William Lancelot), |
| Dates associated with a name | 1907- |
| Personal name | Davis, Joseph Stancliffe, |
| Dates associated with a name | 1885-1975 |
| 710 2# - ADDED ENTRY--CORPORATE NAME | |
| Corporate name or jurisdiction name as entry element | Institute of Pacific Relations. |
| 9 (RLIN) | 129994 |
| 942 ## - ADDED ENTRY ELEMENTS (KOHA) | |
| Source of classification or shelving scheme | Dewey Decimal Classification |
| Koha item type | Books |
| Lost status | Source of classification or shelving scheme | Damaged status | Not for loan | Collection code | Permanent Location | Current Location | Shelving location | Date acquired | Source of acquisition | Cost, normal purchase price | Total Checkouts | Full call number | Date last seen | Copy number | Koha item type |
|---|---|---|---|---|---|---|---|---|---|---|---|---|---|---|---|
| Dewey Decimal Classification | Non-fiction | Central Library, University of Rajshahi | Central Library, University of Rajshahi | 11/08/1961 | A.I. Qurishi | 515.00 | 382.099 COM 1935 | 23/07/2016 | C-2 | Books |